000 00393nam a2200145 i 4500
001 58630
003 ES-MaACL
005 20230906163842.0
007 t|
008 031023s1966 sp ||||1| spa d
245 0 3 _aLa educación en Gran Bretaña.
260 _aLondres :
_bCentral Office of Information,
_c[1966]
300 _a98 p., 4 lám. ;
_c24 cm.
852 _aES-MaACL
_jC-33020
_bR.63796
999 _c58630
_d58630